Plánovanie hotovostných tokov
Členenie hotovostných tokov (cash flows). Prognózovanie hotovostných príjmov - prognóza príjmov z pohľadávok, prognóza príjmov z budúcich tržieb. Plánovanie hotovostných tokov.
Guardado en:
| Autor principal: | |
|---|---|
| Formato: | Capítulo de libro |
| Lenguaje: | eslovaco |
| Materias: | |
| Etiquetas: |
Sin Etiquetas, Sea el primero en etiquetar este registro!
|
MARC
| LEADER | 00000naa a2200000 4500 | ||
|---|---|---|---|
| 001 | r044067 | ||
| 005 | 20231003112309.5 | ||
| 041 | 0 | |a slo | |
| 044 | |a SK | ||
| 245 | 1 | 0 | |a Plánovanie hotovostných tokov |c Vojtech Bardiovský |
| 520 | |a Členenie hotovostných tokov (cash flows). Prognózovanie hotovostných príjmov - prognóza príjmov z pohľadávok, prognóza príjmov z budúcich tržieb. Plánovanie hotovostných tokov. | ||
| 610 | 2 | 0 | |a cash flow |
| 610 | 2 | 0 | |a prognózovanie |
| 610 | 2 | 0 | |a príjmy |
| 610 | 2 | 0 | |a pohľadávky |
| 610 | 2 | 0 | |a tržby |
| 610 | 2 | 0 | |a plánovanie |
| 610 | 2 | 0 | |a plánovanie finančné |
| 100 | 1 | |a Bardiovský, Vojtech | |